000 00290nam a22001337a 4500
008 181023b xxu||||| |||| 00| 0 eng d
020 _a9780394386218
041 _aeng
080 _a371
100 _a46
101 _aEDU
245 _aSharing and Responding
_cElbow,P
942 _2udc
_cBK
999 _c50694
_d50694